Normal view
MARC view
- المنظمة العربية للتنمية الادارية
Entry Personal Name
001 - CONTROL NUMBER
- control field: 33916
003 - CONTROL NUMBER IDENTIFIER
- control field: JO-AjAnu
005 - DATE AND TIME OF LATEST TRANSACTION
- control field: 20230606075703.0
008 - FIXED-LENGTH DATA ELEMENTS
- fixed length control field: 230606|| aca||aabn | a|a d
040 ## - CATALOGING SOURCE
- Original cataloging agency: JO-AjAnu
- Transcribing agency: JO-AjAnu
100 ## - HEADING--PERSONAL NAME
- Personal name: المنظمة العربية للتنمية الادارية
670 ## - SOURCE DATA FOUND
- Source citation: Work cat.: (JO-AjAnu)17420: المنظمة العربية للتنمية الادارية, author, الشراكة والتنمية : دور الشراكة بين القطاعين العام والخاص في تحقيق التنمية المستدامة : بحوث وأوراق عمل مؤتمر "الشراكة بين القطاعين العام والخاص"